000 00550nam a2200229Ia 4500
003 OSt
005 20220924142108.0
006 a|||||r|||| 00| 0
007 ta
008 220923b |||||||| |||| 00| 0 ben d
024 _a300373
037 _cTextual
040 _aARTS
_cARTS
_bben
041 _2ben
_aben
082 _aV2,4N74.N7, 157M0
100 _aThakur
_9154826
245 0 _aJanta and co.
260 _c1980
650 _aHISTORY
942 _hV2,4N74.N7, 157M0
_cTEXL
_2CC
999 _c449262
_d449262